[Event "37th ECC Open 2022"]
[Site "Mayrhofen AUT"]
[Date "2022.10.08"]
[Round "6.6"]
[Board "3"]
[White "Deac, Bogdan-Daniel"]
[Black "Idani, Pouya"]
[Result "1/2-1/2"]
[WhiteTitle "GM"]
[BlackTitle "GM"]
[WhiteElo "2707"]
[BlackElo "2623"]
[WhiteTeam "CSU ASE Superbet"]
[BlackTeam "Silla - València Origin of Chess"]
[WhiteFideId "1226380"]
[BlackFideId "12510130"]
[EventDate "2022.10.03"]

1. d4 Nf6 2. c4 e6 3. Nf3 d5 4. e3 c5 5. a3 dxc4 6. Bxc4 a6 7. Bd3 b5 8. Qe2 Nc6
9. dxc5 Bxc5 10. b4 Bd6 11. Bb2 O-O 12. Nbd2 Bb7 13. O-O Qe7 14. Rfd1 Rfd8 15.
h3 h6 16. Rac1 Rac8 17. Bb1 Nb8 18. Rxc8 Rxc8 19. e4 e5 20. Nf1 Nbd7 21. Ng3 Bb8
22. Ba2 Nb6 23. Nf5 Qe8 24. Rd6 Nbd7 25. Bd5 Bxd5 26. exd5 Bxd6 27. Nxd6 Qf8 28.
Nxc8 Qxc8 29. d6 e4 30. Nd4 Nb6 31. Nb3 Ne8 32. Qxe4 Nc4 33. Qd4 Ncxd6 34. Nc5
Nc4 35. a4 Nxb2 36. Qxb2 bxa4 37. Nxa4 1/2-1/2

[Event "37th ECC Open 2022"]
[Site "Mayrhofen AUT"]
[Date "2022.10.08"]
[Round "6.6"]
[Board "4"]
[White "Alonso Rosell, Alvar"]
[Black "Gukesh, D"]
[Result "0-1"]
[WhiteTitle "GM"]
[BlackTitle "GM"]
[WhiteElo "2563"]
[BlackElo "2732"]
[WhiteTeam "Silla - València Origin of Chess"]
[BlackTeam "CSU ASE Superbet"]
[WhiteFideId "2270544"]
[BlackFideId "46616543"]
[EventDate "2022.10.03"]

1. e4 c5 2. Nf3 Nc6 3. Bb5 e6 4. O-O Nge7 5. Re1 a6 6. Bf1 d5 7. exd5 Nxd5 8. d4
Nf6 9. Be3 Be7 10. c4 O-O 11. Nc3 cxd4 12. Nxd4 Ne5 13. h3 Bd7 14. Rc1 Rc8 15.
Qb3 Qc7 16. Na4 Rcd8 17. Qb6 Qb8 18. Nc5 Rc8 19. Nxd7 Nfxd7 20. Qa5 Rfd8 21.
Red1 Nf6 22. b3 Rd7 23. Nc2 Rcd8 24. Rxd7 Rxd7 25. Nd4 Ne4 26. c5 Rd5 27. Nf3 h6
28. Nxe5 Qxe5 29. Bc4 Rd7 30. b4 Qb2 31. Qa4 Bg5 32. Bxg5 Qxf2+ 33. Kh1 Rd4 34.
Bh4 Qxh4 35. Qe8+ Kh7 36. Qxf7 Nf2+ 37. Kg1 Nxh3+ 38. gxh3 Qg3+ 0-1

[Event "37th ECC Open 2022"]
[Site "Mayrhofen AUT"]
[Date "2022.10.08"]
[Round "6.6"]
[Board "5"]
[White "Nisipeanu, Liviu-Dieter"]
[Black "Forcen Esteban, Daniel"]
[Result "1/2-1/2"]
[WhiteTitle "GM"]
[BlackTitle "GM"]
[WhiteElo "2615"]
[BlackElo "2566"]
[WhiteTeam "CSU ASE Superbet"]
[BlackTeam "Silla - València Origin of Chess"]
[WhiteFideId "1202758"]
[BlackFideId "2288230"]
[EventDate "2022.10.03"]

1. d4 d5 2. Nf3 Nf6 3. Bf4 c5 4. e3 e6 5. Nbd2 Bd6 6. Bb5+ Nc6 7. dxc5 Bxc5 8.
c4 O-O 9. O-O Be7 10. cxd5 Qxd5 11. Qe2 Bd7 12. e4 Qh5 13. e5 Nd5 14. Bg3 a6 15.
Bc4 Nb6 16. Rfd1 Nb4 17. a3 Nxc4 18. Nxc4 Nd5 19. Nd6 Bxd6 20. exd6 f6 21. Qc2
Rfc8 22. Qb3 b5 23. Rac1 Qf7 24. Ne1 Rxc1 25. Rxc1 e5 26. Nd3 Rd8 27. Nc5 Bc8
28. a4 bxa4 29. Nxa4 Be6 30. Qa3 Qd7 31. Nc5 1/2-1/2

[Event "37th ECC Open 2022"]
[Site "Mayrhofen AUT"]
[Date "2022.10.08"]
[Round "6.6"]
[Board "6"]
[White "Bernadskiy, Vitaliy"]
[Black "Sargissian, Gabriel"]
[Result "1/2-1/2"]
[WhiteTitle "GM"]
[BlackTitle "GM"]
[WhiteElo "2570"]
[BlackElo "2711"]
[WhiteTeam "Silla - València Origin of Chess"]
[BlackTeam "CSU ASE Superbet"]
[WhiteFideId "14100371"]
[BlackFideId "13300881"]
[EventDate "2022.10.03"]

1. d4 d5 2. c4 e6 3. Nc3 Nf6 4. cxd5 exd5 5. Bg5 c6 6. e3 h6 7. Bh4 Be7 8. Bd3
O-O 9. Nge2 Re8 10. f3 Nbd7 11. O-O b5 12. Bf2 Nb6 13. Ng3 Bd7 14. Rc1 Nc4 15.
Bxc4 bxc4 16. h3 Bd6 17. e4 Bxg3 18. Bxg3 dxe4 19. fxe4 Nxe4 20. Nxe4 Rxe4 21.
Rxf7 Be6 22. Rf4 Qd5 23. Qd2 Qg5 24. Re1 Rxe1+ 25. Qxe1 Qg6 26. Re4 Re8 27. Kh2
Kh7 28. Re5 Bf7 29. Rxe8 Bxe8 30. Be5 Bf7 31. a3 Bd5 32. Qg3 Qxg3+ 33. Kxg3 g5
34. Kf2 Kg6 35. g3 h5 36. h4 gxh4 37. gxh4 Kf5 38. Ke3 Ke6 39. Bb8 1/2-1/2

[Event "37th ECC Open 2022"]
[Site "Mayrhofen AUT"]
[Date "2022.10.08"]
[Round "6.7"]
[Board "2"]
[White "Pelletier, Yannick"]
[Black "Saric, Ivan"]
[Result "1/2-1/2"]
[WhiteTitle "GM"]
[BlackTitle "GM"]
[WhiteElo "2521"]
[BlackElo "2668"]
[WhiteTeam "Schachgesellschaft Zürich"]
[BlackTeam "TAJFUN - SK Ljubljana"]
[WhiteFideId "1301837"]
[BlackFideId "14508150"]
[EventDate "2022.10.03"]

1. d4 Nf6 2. c4 e6 3. Nf3 d5 4. Nc3 c6 5. e3 a6 6. b3 Bb4 7. Bd2 Nbd7 8. Bd3 O-O
9. O-O Bd6 10. Rc1 e5 11. cxd5 cxd5 12. dxe5 Nxe5 13. Nxe5 Bxe5 14. h3 Bb8 15.
Ne2 Qd6 16. Ng3 Ne4 17. Bxe4 dxe4 18. Ba5 Qxd1 19. Rfxd1 Bxg3 20. fxg3 Be6 21.
Rc7 Rab8 22. g4 Rfc8 23. Rdc1 h6 24. Kf2 Rxc7 25. Rxc7 b6 26. Bc3 Rc8 27. Rxc8+
Bxc8 28. Bd4 b5 29. a4 Be6 30. axb5 axb5 31. b4 g5 1/2-1/2

[Event "37th ECC Open 2022"]
[Site "Mayrhofen AUT"]
[Date "2022.10.08"]
[Round "6.7"]
[Board "3"]
[White "Nihal, Sarin"]
[Black "Petkidis, Anthony"]
[Result "1-0"]
[WhiteTitle "GM"]
[BlackTitle "IM"]
[WhiteElo "2673"]
[BlackElo "2447"]
[WhiteTeam "TAJFUN - SK Ljubljana"]
[BlackTeam "Schachgesellschaft Zürich"]
[WhiteFideId "25092340"]
[BlackFideId "24673390"]
[EventDate "2022.10.03"]

1. d4 Nf6 2. c4 e6 3. Nc3 Bb4 4. e3 O-O 5. Bd2 d5 6. Nf3 b6 7. cxd5 exd5 8. Rc1
Re8 9. Nb5 Bxd2+ 10. Nxd2 c6 11. Nc3 Nbd7 12. Be2 c5 13. Nf3 Bb7 14. O-O Ne4 15.
dxc5 Nxc3 16. Rxc3 Nxc5 17. Nd4 a5 18. Bb5 Rf8 19. Bc6 Qc7 20. Bxb7 Qxb7 21. Qg4
Qe7 22. Rd1 g6 23. h3 Qf6 24. Rc2 Rfd8 25. b3 h5 26. Qe2 Rd6 27. g3 Re8 28. Kg2
Qe5 29. h4 Rf6 30. Nf3 Qf5 31. Ng5 Ne6 32. Nxe6 Rexe6 33. Rcd2 Qe4+ 34. Kg1 Rd6
35. Rd4 Qe5 36. Qd2 Rd7 37. Rxd5 Rxd5 38. Qxd5 Qb2 39. Rd2 Qc1+ 40. Kg2 b5 41.
Qa8+ Kg7 42. Qxa5 Kh7 43. Qd8 1-0

[Event "37th ECC Open 2022"]
[Site "Mayrhofen AUT"]
[Date "2022.10.08"]
[Round "6.7"]
[Board "4"]
[White "Fischer, Daniel"]
[Black "Volokitin, Andrei"]
[Result "0-1"]
[WhiteTitle "FM"]
[BlackTitle "GM"]
[WhiteElo "2407"]
[BlackElo "2645"]
[WhiteTeam "Schachgesellschaft Zürich"]
[BlackTeam "TAJFUN - SK Ljubljana"]
[WhiteFideId "1328360"]
[BlackFideId "14107090"]
[EventDate "2022.10.03"]

1. e4 c5 2. Nf3 d6 3. d4 cxd4 4. Nxd4 Nf6 5. Nc3 a6 6. Bg5 e6 7. f4 Qb6 8. Qd2
Qxb2 9. Rb1 Qa3 10. e5 h6 11. Bh4 dxe5 12. fxe5 Nfd7 13. Ne4 Qxa2 14. Rd1 Qd5
15. Qe3 Qxe5 16. Be2 Bc5 17. Bg3 Qd5 18. c4 Bxd4 19. Rxd4 Qa5+ 20. Rd2 O-O 21.
Bd6 f5 22. Bxf8 Nxf8 23. Nd6 Nbd7 24. Bf3 Qa1+ 25. Rd1 Qe5 26. Kf2 Rb8 27. Rhe1
Qxe3+ 28. Kxe3 b6 29. g4 fxg4 30. Bxg4 Bb7 31. Kd4 Nc5 32. Nxb7 Rxb7 33. Ke5 Rb8
34. Kd6 Rc8 35. Rf1 Ne4+ 36. Ke5 Nf6 37. Bxe6+ Nxe6 38. Kxe6 Rxc4 39. Rd8+ Kh7
40. Rd6 Rb4 41. Kf7 Ne4 42. Rd7 Ng5+ 43. Kf8 Ne6+ 44. Kf7 Nf4 45. Rd6 a5 46. Rg1
Nh5 47. Rf1 a4 48. Rd5 Nf4 49. Rg1 Ng6 50. Rf5 Rc4 51. Rb5 Re4 0-1

[Event "37th ECC Open 2022"]
[Site "Mayrhofen AUT"]
[Date "2022.10.08"]
[Round "6.7"]
[Board "5"]
[White "Markus, Robert"]
[Black "Vogt, Lothar"]
[Result "1-0"]
[WhiteTitle "GM"]
[BlackTitle "GM"]
[WhiteElo "2615"]
[BlackElo "2331"]
[WhiteTeam "TAJFUN - SK Ljubljana"]
[BlackTeam "Schachgesellschaft Zürich"]
[WhiteFideId "921637"]
[BlackFideId "4611292"]
[EventDate "2022.10.03"]

1. d4 Nf6 2. c4 g6 3. Nc3 Bg7 4. e4 d6 5. Nf3 O-O 6. Be2 Bg4 7. Be3 Nfd7 8. d5
a5 9. Nd4 Bxe2 10. Qxe2 Na6 11. h4 Nf6 12. h5 Nc5 13. hxg6 fxg6 14. f3 Qd7 15.
O-O-O e5 16. Ndb5 Na6 17. Kb1 Nh5 18. Qf2 Rf7 19. Ne2 Raf8 20. Qe1 b6 21. Qd2
Qe7 22. Rh2 Nf4 23. Rdh1 h5 24. Ng1 Qg5 25. Ne2 Qe7 26. Nc1 g5 27. g3 Ng6 28.
Rxh5 Rxf3 29. Rxg5 R8f6 30. g4 Rg3 31. Rf5 Rf7 32. Bg5 Qd7 33. Qh2 1-0

[Event "37th ECC Open 2022"]
[Site "Mayrhofen AUT"]
[Date "2022.10.08"]
[Round "6.7"]
[Board "6"]
[White "Friedrich, Norbert"]
[Black "Sebenik, Matej"]
[Result "0-1"]
[WhiteTitle "FM"]
[BlackTitle "GM"]
[WhiteElo "2243"]
[BlackElo "2518"]
[WhiteTeam "Schachgesellschaft Zürich"]
[BlackTeam "TAJFUN - SK Ljubljana"]
[WhiteFideId "4602102"]
[BlackFideId "14602296"]
[EventDate "2022.10.03"]

1. e4 c5 2. Nf3 d6 3. Bb5+ Bd7 4. Bxd7+ Qxd7 5. O-O Nf6 6. Re1 Nc6 7. c3 e6 8.
d4 cxd4 9. cxd4 d5 10. e5 Ne4 11. Nbd2 Nxd2 12. Bxd2 Be7 13. Bg5 Bb4 14. Bd2 a5
15. Bxb4 axb4 16. a3 bxa3 17. Rxa3 Rxa3 18. bxa3 O-O 19. Qb1 h6 20. Re2 Ra8 21.
Ra2 Ra4 22. Qb6 Qe7 23. Qb3 Rc4 24. Qe3 Qc7 25. h3 Qb6 26. Rd2 Qb1+ 27. Kh2 Rc1
28. Qd3 Qxd3 29. Rxd3 Na5 30. g4 b6 31. Kg2 Nc4 32. h4 Ra1 33. h5 Kf8 34. Kg3
Nxa3 35. g5 Nc4 36. Kg4 Ra3 37. Rd1 b5 0-1

[Event "37th ECC Open 2022"]
[Site "Mayrhofen AUT"]
[Date "2022.10.08"]
[Round "6.8"]
[Board "1"]
[White "Ten Hertog, Hugo"]
[Black "Pechac, Jergus"]
[Result "0-1"]
[WhiteTitle "GM"]
[BlackTitle "GM"]
[WhiteElo "2525"]
[BlackElo "2633"]
[WhiteTeam "Paul Keres"]
[BlackTeam "Sentimento Ajka BSK"]
[WhiteFideId "1026356"]
[BlackFideId "14926970"]
[EventDate "2022.10.03"]

1. c4 e6 2. Nf3 d5 3. e3 Be7 4. b3 Bf6 5. Nc3 Ne7 6. Bb2 O-O 7. h4 c5 8. Qc2
Nbc6 9. a3 b6 10. Bd3 g6 11. h5 d4 12. Ne4 Bg7 13. hxg6 hxg6 14. b4 cxb4 15.
axb4 Nxb4 16. Qb3 Nxd3+ 17. Qxd3 e5 18. Nfg5 f5 19. Rh7 fxe4 20. Qxe4 Nf5 21. f4
exf4 22. Rxg7+ Nxg7 23. Qxg6 Bf5 0-1

[Event "37th ECC Open 2022"]
[Site "Mayrhofen AUT"]
[Date "2022.10.08"]
[Round "6.8"]
[Board "2"]
[White "Banusz, Tamas"]
[Black "Lombaers, Peter"]
[Result "1-0"]
[WhiteTitle "GM"]
[BlackTitle "FM"]
[WhiteElo "2622"]
[BlackElo "2351"]
[WhiteTeam "Sentimento Ajka BSK"]
[BlackTeam "Paul Keres"]
[WhiteFideId "722413"]
[BlackFideId "1032852"]
[EventDate "2022.10.03"]

1. Nf3 d5 2. d4 Nf6 3. g3 c6 4. Bg2 Bf5 5. c4 e6 6. Nc3 h6 7. Qb3 Qb6 8. c5 Qxb3
9. axb3 a6 10. b4 Be7 11. h3 Ne4 12. g4 Bh7 13. h4 Nxc3 14. bxc3 Be4 15. Bf4 Nd7
16. Kf1 h5 17. g5 Nf8 18. Nd2 Bxg2+ 19. Kxg2 Ng6 20. Bg3 f6 21. Nb3 Rd8 22. Na5
Rd7 23. gxf6 gxf6 24. Nxc6 bxc6 25. Rxa6 Kf7 26. Rxc6 Ra8 27. b5 Rb7 28. Rb1 Bd8
29. Rd6 Ne7 30. c6 Rb6 31. Rd7 Ke8 32. Rb7 Nf5 33. Bh2 e5 34. Rh7 Nxh4+ 35. Kh1
Ng6 36. dxe5 fxe5 37. Rxh5 Bf6 38. e4 Ra3 39. exd5 Rxc3 40. Rg1 Ne7 41. Bxe5
Bxe5 42. Rxe5 Kf7 43. Ra1 Nc8 44. Ra8 Nd6 45. Ra7+ Kf8 46. Re6 Nc4 47. Rb7 1-0

[Event "37th ECC Open 2022"]
[Site "Mayrhofen AUT"]
[Date "2022.10.08"]
[Round "6.8"]
[Board "3"]
[White "Kerigan, Demre"]
[Black "Michalik, Peter"]
[Result "0-1"]
[WhiteTitle "IM"]
[BlackTitle "GM"]
[WhiteElo "2355"]
[BlackElo "2558"]
[WhiteTeam "Paul Keres"]
[BlackTeam "Sentimento Ajka BSK"]
[WhiteFideId "6307841"]
[BlackFideId "14907526"]
[EventDate "2022.10.03"]

1. g3 d5 2. Bg2 e5 3. d3 Nf6 4. Nf3 Bd6 5. O-O O-O 6. Nc3 c6 7. e4 dxe4 8. Nxe4
Nxe4 9. dxe4 Qe7 10. Be3 Bc5 11. Qd3 Na6 12. Rad1 f6 13. Nh4 g6 14. Bxc5 Nxc5
15. Qa3 Re8 16. Rd2 Be6 17. Rfd1 b6 18. Bf3 a5 19. Ng2 Red8 20. Ne3 Rxd2 21.
Rxd2 Rd8 22. Nf1 Rxd2 23. Nxd2 Qd6 24. Qe3 Bxa2 25. b3 a4 26. Be2 b5 27. Qc3 Ne6
28. Bd3 Nd4 29. Qb2 axb3 30. cxb3 Bxb3 31. Nxb3 Nf3+ 32. Kg2 Ne1+ 33. Kf1 Nxd3
34. Qa2 Qe6 35. Qa8+ Kg7 36. Na5 f5 37. Nxc6 fxe4 38. Qa7+ Qf7 39. Qb6 Qf3 40.
Qa7+ Kh6 41. Qe3+ g5 0-1

[Event "37th ECC Open 2022"]
[Site "Mayrhofen AUT"]
[Date "2022.10.08"]
[Round "6.8"]
[Board "4"]
[White "Prohaszka, Peter2"]
[Black "Ondersteijn, Niels"]
[Result "1-0"]
[WhiteTitle "GM"]
[BlackTitle "IM"]
[WhiteElo "2570"]
[BlackElo "2382"]
[WhiteTeam "Sentimento Ajka BSK"]
[BlackTeam "Paul Keres"]
[WhiteFideId "726265"]
[BlackFideId "1011162"]
[EventDate "2022.10.03"]

1. d4 d6 2. Nf3 Nf6 3. Bg5 Nbd7 4. c3 b6 5. Nbd2 Bb7 6. h3 c5 7. e3 g6 8. Bd3
Bg7 9. O-O O-O 10. Re1 Rc8 11. a4 Qc7 12. Qe2 Rfe8 13. e4 h6 14. Be3 cxd4 15.
cxd4 e5 16. d5 Nh5 17. g3 Rf8 18. Rac1 Qxc1 19. Rxc1 Rxc1+ 20. Kh2 f5 21. Nc4
Rxc4 22. Bxc4 Ndf6 23. Nh4 f4 24. Nxg6 fxe3 25. Nxf8 Bxf8 26. Qxe3 Nd7 27. Qe2
Nhf6 28. Ba6 Bxa6 29. Qxa6 h5 30. b4 Bh6 31. Qxa7 h4 32. a5 hxg3+ 33. fxg3 bxa5
34. bxa5 1-0

[Event "37th ECC Open 2022"]
[Site "Mayrhofen AUT"]
[Date "2022.10.08"]
[Round "6.8"]
[Board "5"]
[White "Okkes, Menno"]
[Black "Korpa, Bence"]
[Result "0-1"]
[WhiteTitle "FM"]
[BlackTitle "GM"]
[WhiteElo "2328"]
[BlackElo "2496"]
[WhiteTeam "Paul Keres"]
[BlackTeam "Sentimento Ajka BSK"]
[WhiteFideId "1000756"]
[BlackFideId "706671"]
[EventDate "2022.10.03"]

1. Nf3 d5 2. e3 e6 3. c4 g6 4. Nc3 Bg7 5. d4 Ne7 6. Be2 O-O 7. O-O Nbc6 8. b3 e5
9. Ba3 Re8 10. Bxe7 Qxe7 11. Nxd5 Qd6 12. dxe5 Nxe5 13. c5 Qd8 14. Rc1 Nxf3+ 15.
Bxf3 c6 16. Nc3 Qa5 17. Ne4 Qxa2 18. Nd6 Rd8 19. Bg4 Bxg4 20. Qxg4 Qxb3 21. Rb1
Qe6 22. Qxe6 fxe6 23. Nxb7 Rd5 24. e4 Rd4 25. Na5 Rxe4 26. Rfc1 Rc8 27. Rb7 Re2
28. Rxa7 Bd4 29. Nb3 Bxf2+ 30. Kh1 Rb2 31. Rb7 e5 32. g4 Be3 33. Rd1 Bd4 34. h4
Rf8 35. Rb6 Bxc5 36. Rxc6 Bf2 37. Nd2 Rd8 38. Ra1 Rbxd2 0-1

[Event "37th ECC Open 2022"]
[Site "Mayrhofen AUT"]
[Date "2022.10.08"]
[Round "6.8"]
[Board "6"]
[White "Kaczur, Florian"]
[Black "Rademakers, Evert"]
[Result "1-0"]
[WhiteTitle "IM"]
[BlackTitle "FM"]
[WhiteElo "2483"]
[BlackElo "2272"]
[WhiteTeam "Sentimento Ajka BSK"]
[BlackTeam "Paul Keres"]
[WhiteFideId "705098"]
[BlackFideId "1025996"]
[EventDate "2022.10.03"]

1. e4 g6 2. d4 Bg7 3. Nf3 d6 4. c3 Nf6 5. Bd3 O-O 6. O-O Nbd7 7. Re1 e5 8. Bg5
h6 9. Bh4 Qe8 10. a4 Nh5 11. Na3 a6 12. Nc4 f5 13. exf5 gxf5 14. dxe5 dxe5 15.
Ne3 e4 16. Nd5 Ne5 17. Nxe5 Bxe5 18. Be7 c6 19. Be2 Nf4 20. Nxf4 Qxe7 21. Ng6
Qc7 22. Bc4+ 1-0

[Event "37th ECC Open 2022"]
[Site "Mayrhofen AUT"]
[Date "2022.10.08"]
[Round "6.9"]
[Board "1"]
[White "Can, Emre"]
[Black "Shengelia, David"]
[Result "1/2-1/2"]
[WhiteTitle "GM"]
[BlackTitle "GM"]
[WhiteElo "2592"]
[BlackElo "2460"]
[WhiteTeam "Gokturk Satranc Spor Kulubu"]
[BlackTeam "Schachklub Absam "]
[WhiteFideId "6302181"]
[BlackFideId "13601270"]
[EventDate "2022.10.03"]

1. e4 c6 2. Nf3 d5 3. d3 dxe4 4. dxe4 Qxd1+ 5. Kxd1 Bg4 6. Be2 Nd7 7. Ne1 Bxe2+
8. Kxe2 e6 9. a4 O-O-O 10. Nd3 f5 11. e5 Nc5 12. Nxc5 Bxc5 13. Nd2 g5 14. Nb3
Be7 15. h4 gxh4 16. Be3 Rd5 17. Bf4 h5 18. c4 Rd7 19. Be3 Nh6 20. Bxa7 Rg8 21.
a5 Rg4 22. Rhc1 Nf7 23. a6 bxa6 24. Rxa6 Nxe5 25. Be3 Rb7 26. Ra8+ Rb8 27. Rxb8+
Kxb8 28. Nd4 Kb7 29. Nxe6 Nxc4 30. Bf4 Nb6 31. Kf3 Nd5 32. Re1 Nxf4 33. Nxf4 Bd6
34. Nd3 Rd4 35. Rd1 c5 36. Nxc5+ Bxc5 37. Rxd4 Bxd4 38. Kf4 Bxb2 39. Kxf5 Bd4
40. f4 Kc7 41. Kg5 Bf2 42. Kxh5 Kd7 43. f5 Ke7 44. Kg6 Bd4 45. Kg5 Bf2 46. Kg6
Bg3 47. f6+ Ke6 48. f7 Bd6 49. Kh5 Kxf7 50. Kxh4 1/2-1/2

[Event "37th ECC Open 2022"]
[Site "Mayrhofen AUT"]
[Date "2022.10.08"]
[Round "6.9"]
[Board "2"]
[White "Doric, Darko"]
[Black "Sanal, Vahap"]
[Result "0-1"]
[WhiteTitle "IM"]
[BlackTitle "GM"]
[WhiteElo "2457"]
[BlackElo "2595"]
[WhiteTeam "Schachklub Absam "]
[BlackTeam "Gokturk Satranc Spor Kulubu"]
[WhiteFideId "14507200"]
[BlackFideId "6300545"]
[EventDate "2022.10.03"]

1. d4 d5 2. c4 e6 3. Nc3 c6 4. Nf3 Nf6 5. cxd5 exd5 6. Bg5 Be7 7. e3 Bf5 8. Bd3
Bxd3 9. Qxd3 O-O 10. O-O Nbd7 11. Rac1 Ne4 12. Bxe7 Qxe7 13. Qc2 f5 14. Ne2 g5
15. Rce1 Rf6 16. Nd2 Re8 17. Nc1 Rh6 18. Nd3 g4 19. g3 Qf7 20. Nxe4 fxe4 21. Nf4
Nf8 22. Qd1 Qf5 23. h3 gxh3 24. Kh2 Ne6 25. Nxe6 Rexe6 26. g4 Qg5 27. f4 exf3
28. Rxf3 Rhg6 29. Rxh3 Re4 30. Rg1 Rxe3 31. Rxe3 Qxe3 32. g5 Rxg5 33. Rxg5+ Qxg5
34. Qa4 Qd2+ 35. Kg3 a5 36. Kh3 b5 37. Qa3 Qh6+ 38. Kg3 Qg7+ 39. Kh3 Qh6+ 40.
Kg3 a4 41. Qc5 Qe6 42. Qb6 Kg7 43. b3 axb3 44. axb3 Kg6 45. b4 Kf5 46. Qc5 Ke4
47. Qc3 Qg6+ 48. Kf2 Qf6+ 49. Ke2 Qxd4 50. Qf3+ Ke5 51. Qh5+ Kd6 52. Qh6+ Kc7
53. Qxh7+ Kb6 54. Qe7 Qe4+ 55. Qxe4 dxe4 56. Ke3 c5 57. Kxe4 c4 58. Kd4 Kc6 59.
Ke4 Kd7 60. Ke3 Ke7 61. Kf3 Kd6 0-1

[Event "37th ECC Open 2022"]
[Site "Mayrhofen AUT"]
[Date "2022.10.08"]
[Round "6.9"]
[Board "3"]
[White "Gokerkan, Cem Kaan"]
[Black "Tica, Sven"]
[Result "0-1"]
[WhiteTitle "IM"]
[BlackTitle "IM"]
[WhiteElo "2465"]
[BlackElo "2422"]
[WhiteTeam "Gokturk Satranc Spor Kulubu"]
[BlackTeam "Schachklub Absam "]
[WhiteFideId "6336760"]
[BlackFideId "14526948"]
[EventDate "2022.10.03"]

1. e4 c6 2. d4 d5 3. e5 Bf5 4. Nf3 e6 5. Be2 c5 6. Be3 Qb6 7. Nc3 Nc6 8. O-O
Qxb2 9. Qe1 c4 10. Rb1 Qa3 11. Rxb7 Bb4 12. Nb5 Bxe1 13. Nxa3 Nd8 14. Rb1 Ba5
15. Nh4 Be4 16. f3 Bg6 17. Nxg6 hxg6 18. Nb5 Kd7 19. g4 Ne7 20. Kg2 a6 21. Nd6
Nec6 22. f4 Bc3 23. Rfd1 f5 24. h3 Kc7 25. Nxc4 dxc4 26. Bxc4 Rb8 27. Rxb8 Nxb8
28. Rd3 Ba5 29. Bb3 Nbc6 30. c4 Bb6 31. Ba4 Rf8 32. Kg3 g5 33. c5 gxf4+ 34. Bxf4
Ba5 35. d5 Be1+ 36. Kg2 fxg4 37. Bh2 Rf2+ 38. Kg1 exd5 39. e6+ Rxh2 40. Kxh2 g3+
41. Kh1 Ne7 42. Bd7 Bf2 43. Kg2 Ng6 44. Kf1 Nf4 45. Ra3 d4 46. c6 Be3 47. Rxe3
dxe3 48. e7 e2+ 49. Ke1 g2 0-1

[Event "37th ECC Open 2022"]
[Site "Mayrhofen AUT"]
[Date "2022.10.08"]
[Round "6.9"]
[Board "4"]
[White "Lehner, Oliver"]
[Black "Firat, Burak"]
[Result "0-1"]
[WhiteTitle "IM"]
[BlackTitle "GM"]
[WhiteElo "2398"]
[BlackElo "2455"]
[WhiteTeam "Schachklub Absam "]
[BlackTeam "Gokturk Satranc Spor Kulubu"]
[WhiteFideId "1602560"]
[BlackFideId "6305881"]
[EventDate "2022.10.03"]

1. Nf3 c5 2. g3 g6 3. Bg2 Bg7 4. c4 Nc6 5. O-O d6 6. Nc3 Nf6 7. a3 O-O 8. d3 a6
9. Bd2 Rb8 10. Qc1 b5 11. cxb5 axb5 12. b4 cxb4 13. axb4 Bd7 14. Bh6 Nxb4 15.
Bxg7 Kxg7 16. Qb2 Nc6 17. Ne4 Qb6 18. e3 Bf5 19. Nxf6 exf6 20. Rfc1 Rfc8 21. d4
Be4 22. Nd2 Bxg2 23. Kxg2 Ne7 24. e4 d5 25. e5 Nf5 26. Nf3 h5 27. Rc5 b4 28.
Rac1 Rxc5 29. dxc5 Qe6 30. c6 fxe5 31. c7 Rc8 32. Nxe5 d4 33. Rc5 f6 34. Nf3 Qe4
35. h4 d3 36. Rb5 Nxh4+ 37. gxh4 Qg4+ 38. Kh2 Qf4+ 39. Kg2 Qg4+ 40. Kh2 Qxf3 41.
Rxb4 Rxc7 42. Qd4 Rc1 43. Rb1 Qh1+ 0-1

[Event "37th ECC Open 2022"]
[Site "Mayrhofen AUT"]
[Date "2022.10.08"]
[Round "6.9"]
[Board "5"]
[White "Ozen, Deniz"]
[Black "Deglmann, Ludwig"]
[Result "1/2-1/2"]
[WhiteTitle "IM"]
[BlackTitle "FM"]
[WhiteElo "2397"]
[BlackElo "2243"]
[WhiteTeam "Gokturk Satranc Spor Kulubu"]
[BlackTeam "Schachklub Absam "]
[WhiteFideId "6349196"]
[BlackFideId "4622235"]
[EventDate "2022.10.03"]

1. d4 g6 2. e4 Bg7 3. Nc3 d5 4. exd5 Nf6 5. Bc4 Nbd7 6. Nf3 O-O 7. O-O Nb6 8.
Bb3 a5 9. a4 Nbxd5 10. Nxd5 Nxd5 11. Re1 c6 12. h3 Qd6 13. Bg5 Be6 14. Qd2 Rfe8
15. c4 Nc7 16. Bf4 Qd8 17. Rad1 Bf5 18. g4 Bc8 19. d5 Na6 20. Qe3 c5 21. d6 Be6
22. Bg5 Bf6 23. Qf4 Qb6 24. Re3 Rad8 25. Rd2 Nb8 26. dxe7 Bxe7 27. Bxe7 Rxe7 28.
Red3 Red7 29. Rxd7 Nxd7 30. Qe3 Nf8 31. Rxd8 Qxd8 32. Qxc5 Qd3 33. Qe3 Qb1+ 34.
Kg2 Qxb2 35. Nd4 Qa3 36. Nc2 1/2-1/2

[Event "37th ECC Open 2022"]
[Site "Mayrhofen AUT"]
[Date "2022.10.08"]
[Round "6.9"]
[Board "6"]
[White "de Francesco, Klaus"]
[Black "Kamer, Kayra"]
[Result "0-1"]
[WhiteTitle "FM"]
[BlackTitle "IM"]
[WhiteElo "2197"]
[BlackElo "2354"]
[WhiteTeam "Schachklub Absam "]
[BlackTeam "Gokturk Satranc Spor Kulubu"]
[WhiteFideId "4613945"]
[BlackFideId "6367879"]
[EventDate "2022.10.03"]

1. e4 c5 2. Nc3 e6 3. Nge2 a6 4. g3 b5 5. Bg2 Bb7 6. O-O Nf6 7. d4 cxd4 8. Qxd4
Nc6 9. Qe3 Ng4 10. Qd2 Bc5 11. h3 Nge5 12. b3 Qb6 13. Bb2 O-O-O 14. a4 f6 15.
axb5 axb5 16. Nd1 h5 17. Ne3 h4 18. g4 g5 19. c3 Rhf8 20. Nd4 Ng6 21. b4 Be7 22.
Rfc1 Nf4 23. Bf1 Ne5 24. Ra5 Bxe4 25. Rxb5 Nxh3+ 26. Kh2 Qc7 27. Kxh3 f5 28.
Rxe5 Qxe5 29. Qe2 Bd6 30. Qc4+ Bc7 31. Qxc7+ Qxc7 32. c4 fxg4+ 33. Nxg4 Rxf2 0-1